[Event "Alexandria op 22nd"]
[Site "Alexandria"]
[Date "2017.08.05"]
[Round "4"]
[White "Elkady Abo Bakr, Ahmed"]
[Black "Amin, Ashraf"]
[Result "1/2-1/2"]
[WhiteElo "1647"]
[BlackElo "2217"]
[PlyCount "65"]
[EventDate "2017.08.02"]
[EventType "swiss"]
[EventRounds "10"]
[EventCountry "EGY"]
[SourceTitle "CBM 180 Extra"]
[Source "ChessBase"]
[SourceDate "2017.10.06"]
[SourceVersion "1"]
[SourceVersionDate "2017.10.06"]
[SourceQuality "1"]

1. e4 e5 2. Nf3 Nc6 3. Bc4 Nf6 4. d3 Be7 5. c3 d6 6. Bb3 0-0 7. 0-0 Na5 8. Bc2 c5 9. a4 Nc6 10. Nbd2 Ne8 11. h3 g6 12. Re1 Ng7 13. Nf1 f5 14. Ng3 f4 15. Ne2 g5 16. d4 h5 17. dxc5 dxc5 18. Bb3+ Kh7 19. Qxd8 Rxd8 20. Bd5 Bf6 21. Kh2 g4 22. Nd2 Ne6 23. hxg4 hxg4 24. Rh1 Ne7 25. c4 Ng6 26. Nb3 Kg7 27. g3 f3 28. Nc3 Rb8 29. Kg1 Be7 30. Nd1 Nd4 31. Nxd4 exd4 32. Bh6+ Kf6 33. Rh5 1/2-1/2